| 000 | 00592nam a22002057a 4500 | ||
|---|---|---|---|
| 003 | DO-SdBNP | ||
| 005 | 20210920112120.0 | ||
| 007 | ta | ||
| 008 | 210920b2018 ||||| |||| 00| 0 spa d | ||
| 020 | _a978-1986202459 | ||
| 040 |
_aDO-SdBNP _bspa _cBNPHU |
||
| 082 |
_axxx _bR666p |
||
| 100 | _4robiou Lamarche, Sebastián | ||
| 245 |
_aPiratas y corsarios en Puerto Rico y el Caribe / _cSebastián Robiou Lamarche |
||
| 260 |
_aSan Juan, Puerto Rico : _bPunto y Coma, _c2018 |
||
| 300 |
_a188 p. : _bil. ; _c23 cm |
||
| 590 | _aInventariado, 2021 / DG | ||
| 910 | _aD/G | ||
| 942 |
_2ddc _cLBS1 |
||
| 999 |
_c50577 _d50577 |
||